Chaos a kyberkultura
Uložené v:
| Hlavný autor: | |
|---|---|
| Ďalší autori: | |
| Médium: | Kniha |
| Jazyk: | Czech |
| Vydavateľské údaje: |
Praha
Maťa
1997
|
| Edícia: | Nové trendy
2. sv. |
| Predmet: | |
| Tagy: |
Žiadne tagy, Buďte prvý, kto otaguje tento záznam!
|
MARC
| LEADER | 00000nam a2200000 4500 | ||
|---|---|---|---|
| 001 | c103492 | ||
| 005 | 20230228085445.6 | ||
| 020 | |a 80-86013-23-5 | ||
| 020 | |a 80-85905-30-2 | ||
| 041 | 0 | |a cze | |
| 044 | |a CZ | ||
| 245 | 1 | 0 | |a Chaos a kyberkultura |c Timothy Leary ; [preložil]: Alexandr Neuman |
| 264 | 1 | |a Praha |b Maťa |c 1997 | |
| 300 | |a 371 s. | ||
| 490 | 1 | |a Nové trendy |v 2. sv. | |
| 830 | 0 | |a Nové trendy |v 2. sv. | |
| 610 | 2 | 0 | |a drogy |
| 610 | 2 | 0 | |a spoločnosť |
| 610 | 2 | 0 | |a problémy spoločenské |
| 610 | 2 | 0 | |a kultúra |
| 610 | 2 | 0 | |a inteligencia umelá |
| 610 | 2 | 0 | |a kybernetika |
| 610 | 2 | 0 | |a počítače |
| 610 | 2 | 0 | |a realita virtuálna |
| 610 | 2 | 0 | |a médiá |
| 610 | 2 | 0 | |a psychológia |
| 610 | 2 | 0 | |a toxikológia |
| 610 | 2 | 0 | |a toxikománia |
| 610 | 2 | 0 | |a látky chemické |
| 610 | 2 | 0 | |a morálka |
| 610 | 2 | 0 | |a etika |
| 100 | 1 | |a Leary, Timothy | |
| 700 | 1 | |a Neuman, Alexandr | |